| 000 | 00604 a2200181 4500 | ||
|---|---|---|---|
| 005 | 20240709124812.0 | ||
| 010 | _aENG-140843 | ||
| 020 |
_a9789391121136 _c395.00 |
||
| 035 | _aEN-124375 | ||
| 037 | _bDBAD | ||
| 082 | _a000 | ||
| 100 |
_aEditorial Board _968308 |
||
| 245 |
_aIndian Navy Agniveer Senior Secondary Recruits SSR/ _cby Editorial Board |
||
| 260 |
_aAgra _bUpkar Prakashan |
||
| 270 |
_a2/11A, Swadeshi Bima Nagar, _bAgra _e282-002 _k2530966, 2531101, 3208693/94 _l(0562) 2531940 _minfo@upkarprakashan.com |
||
| 300 |
_avpp _c27cm(pb) |
||
| 942 |
_adpl _cEN _2ddc _h000 _mIND |
||
| 999 |
_c204062 _d204062 |
||